Digital Marketing (Record no. 8935)

MARC details
000 -LEADER
fixed length control field 00470nam a22001697a 4500
005 - DATE AND TIME OF LATEST TRANSACTION
control field 20250711172913.0
008 - FIXED-LENGTH DATA ELEMENTS--GENERAL INFORMATION
fixed length control field 250128b |||||||| |||| 00| 0 eng d
020 ## - INTERNATIONAL STANDARD BOOK NUMBER
International Standard Book Number 9781949395747
041 ## - LANGUAGE CODE
Language English
082 ## - DEWEY DECIMAL CLASSIFICATION NUMBER
Classification number 658.872 VIB
100 ## - MAIN ENTRY--PERSONAL NAME
Main Author Name Vibrant
245 ## - TITLE STATEMENT
Title Digital Marketing
Sub title : Essentials You Always Wanted to Know
260 ## - PUBLICATION, DISTRIBUTION, ETC.
Place of publication Mumbai
publisher Name Vibrant
Date of publication 2020
300 ## - PHYSICAL DESCRIPTION
Number Of Page 179p.
650 ## - SUBJECT ADDED ENTRY--TOPICAL TERM
Keyword Marketing, Digital Marketing
Subject Marketing, Digital Marketing
942 ## - ADDED ENTRY ELEMENTS (KOHA)
Koha item type Reference Book
Holdings
Lost status Source of classification or shelving scheme Not for loan Home library Current library Date last seen Koha item type School Inventory number Total Checkouts Full call number Barcode Date last checked out Copy number Uniform Resource Identifier Cost, replacement price Price effective from Withdrawn status Date acquired Source of acquisition Cost, normal purchase price Bill Date Bill No Net Amount
  Dewey Decimal Classification   BGU Central Library BGU Central Library 14/05/2025 Reference Book School of Management 1 1 658.872 VIB 13163 03/02/2025 1 https://www.vibrantpublishers.com/products/digital-marketing-essentials-you-always-wanted-to-know?_pos=1&_sid=76a196161&_ss=r 899.00 28/01/2025   28/01/2025 Technical Bureau 899.00 20-01-2025 TB3594 899

Maintained and Designed by
2cqr automation private limited, Chennai. All Rights Reserved.

You are Visitor Number

PHP Hits Count